El problema de las clases medias en El Salvador

Na minha lista:
Detalhes bibliográficos
Formato: Texto
Tags: Adicionar Tag
Sem tags, seja o primeiro a adicionar uma tag!

MARC

LEADER 00000 a a2200000 04500
001 42581
003
040
245 |a El problema de las clases medias en El Salvador  
773 |g volumen24, número1095 ( , 2004), páginas 2-3  
999 |c 31060  |d 31060